Discrete Structures/ (Record no. 203604)

MARC details
000 -LEADER
fixed length control field 00710nam a22002057a 4500
005 - DATE AND TIME OF LATEST TRANSACTION
control field 20240614121650.0
010 ## - LCCN (DPL NO)
LC control number ENG-140612
020 ## - INTERNATIONAL STANDARD BOOK NUMBER
Terms of availability 969.00
International Standard Book Number 9789361599729
035 ## - SYSTEM CONTROL NUMBER
System control number EN-124144
037 ## - SOURCE OF ACQUISITION
Source of stock number/acquisition DBAD
082 ## - DEWEY DECIMAL CLASSIFICATION NUMBER
Classification number 511.3
Edition number Revised 5e
100 ## - MAIN ENTRY--PERSONAL NAME
Personal name Das, P. Sivaramakrishna
245 ## - TITLE STATEMENT
Title Discrete Structures/
Statement of responsibility, etc By P. Sivaramakrishna Das [and] C.Vijaykumari
250 ## - EDITION STATEMENT
Edition statement Revised 5e
260 ## - PUBLICATION, DISTRIBUTION, ETC. (IMPRINT)
Place of publication, distribution, etc Noida
Name of publisher, distributor, etc Pearson India Education Pvt Ltd
Date of publication, distribution, etc 2024
270 ## - ADDRESS
Address 1st Floor, Berger Tower, Plot No. C-001/2, Sector 16B
City Noida
Postal code 201301
Electronic mail address companysecretary.india@pearson.com
300 ## - PHYSICAL DESCRIPTION
Extent vp.
Dimensions 22cm(pbk)
700 ## - ADDED ENTRY--PERSONAL NAME
Personal name Vijaykumari, C
9 (RLIN) 67516
942 ## - ADDED ENTRY ELEMENTS (KOHA)
Source of classification or shelving scheme Dewey Decimal Classification
Item type English Books
Classification part 511.3
Call number suffix DAS
Edition Revised 5e
Holdings
Withdrawn status Lost status Not for loan Collection code Home library Current library Date acquired Source of acquisition Cost, normal purchase price Full call number Barcode Copy number Cost, replacement price Koha item type
      Non-fiction Central Library Central Library 14/06/2024 DBAD 969.00 511.3 DAS EN-124144 1 969.00 English Books

© Delhi Public Library
Hit Counter
free hit counter